歴代マジミラセトリ - Statistics

General Stats
  • This quiz has been taken 37 times
    6 since last reset
  • The average score is 221 of 411
Answer Stats
作曲者 ボーカル 曲名 % Correct
2017 ハチ 初音ミク 砂の惑星
100%
2018 Giga 鏡音リン鏡音レン 劣等上等
100%
2018 ハチ 初音ミク 砂の惑星
100%
2019 Giga 鏡音リン鏡音レン 劣等上等
100%
2019 ハチ 初音ミク 砂の惑星
100%
2022 ハチ 初音ミク 砂の惑星
100%
2015 kz(liveytune) 初音ミク Hand in Hand
100%
2016 kz(livetune) 初音ミク Hand in Hand
100%
2017 kz(livetune) 初音ミク Hand in Hand
100%
2018 kz(livetune) 初音ミク Hand in Hand
100%
2019 kz(livetune) 初音ミク Hand in Hand
100%
2020 kz(livetune) 初音ミク Hand in Hand
100%
2021 kz(livetune) 初音ミク Hand in Hand
100%
2022 kz(livetune) 初音ミク Hand in Hand
100%
2023 kz(livetune) 初音ミク Hand in Hand
100%
2024 kz(livetune) 初音ミク鏡音リン 鏡音レン 巡音ルカ MEIKO KAITO Hand in Hand
100%
2025 kz(livetune) 初音ミク鏡音リン 鏡音レン 巡音ルカ MEIKO KAITO Hand in Hand
100%
2018 DIVELA 初音ミク METEOR
100%
2021 DIVELA 初音ミク METEOR
100%
2025 DIVELA 初音ミク METEOR
100%
2013 kz(livetune) 初音ミク Tell Your World
100%
2014 kz(livetune) 初音ミク Tell Your World
100%
2015 kz(livetune) 初音ミク Tell Your World
100%
2018 kz(livetune) 初音ミク Tell Your World
100%
2021 kz(livetune) 初音ミク Tell Your World
100%
2013 wowaka 初音ミク アンハッピーリフレイン
80%
2013 sasakure.UKDECO*27 初音ミク 39
80%
2014 sasakure.UKDECO*27 初音ミク 39
80%
2015 koyori(電ボルP) 初音ミク 独りんぼエンヴィー
80%
2015 halyosy KAITO スノーマン
80%
2015 wowaka 初音ミク アンハッピーリフレイン
80%
2015 doriko 初音ミク ロミオとシンデレラ
80%
2015 sasakure.UKDECO*27 初音ミク 39
80%
2016 ピノキオピー 初音ミク すろぉもぉしょん
80%
2016 koyori(電ボルP) 初音ミク 独りんぼエンヴィー
80%
2016 nyanyannya(大天才P) KAITO ドクター=ファンクビート
80%
2016 sasakure.UKDECO*27 初音ミク 39
80%
2017 ナユタン星人 初音ミク エイリアンエイリアン
80%
2017 Neru 鏡音レン 脱法ロック
80%
2017 nyanyannya(大天才P) KAITO ドクター=ファンクビート
80%
2017 小林オキニス 初音ミク サイハテ
80%
2017 黒うさP 初音ミク 千本桜
80%
2018 Mitchie M 初音ミク ビバハピ
80%
2018 wowaka 初音ミク アンノウン・マザーグース
80%
2018 halyosy KAITO あったかいと
80%
2018 みきとP 鏡音リン鏡音レン ロキ
80%
2018 sasakure.UKDECO*27 初音ミク 39
80%
2018 Omoi 初音ミク グリーンライツ・セレナーデ
80%
2019 みきとP 鏡音リン鏡音レン ロキ
80%
2019 doriko 初音ミク ロミオとシンデレラ
80%
2019 otetsu 巡音ルカ 星屑ユートピア
80%
2019 Omoi 初音ミク グリーンライツ・セレナーデ
80%
2019 wowaka 初音ミク アンハッピーリフレイン
80%
2019 wowaka 初音ミク アンノウン・マザーグース
80%
2019 wowaka 初音ミク巡音ルカ ワールズエンド・ダンスホール
80%
2019 wowaka 初音ミク ローリンガール
80%
2020 ナユタン星人 初音ミク 太陽系デスコ
80%
2020 wowaka 初音ミク アンノウン・マザーグース
80%
2020 cosMo@暴走P 初音ミク 初音ミクの激唱
80%
2020 Omoi 初音ミク グリーンライツ・セレナーデ
80%
2020 カンザキイオリ 初音ミク 命に嫌われている。
80%
2020 ピノキオピー 初音ミク 愛されなくても君がいる
80%
2021 黒うさP 初音ミク 千本桜
80%
2021 nyanyannya(大天才P) KAITO ドクター=ファンクビート
80%
2021 halyosy KAITO スノーマン
80%
2021 halyosy KAITO あったかいと
80%
2021 doriko 初音ミク ロミオとシンデレラ
80%
2021 ピノキオピー 初音ミク 愛されなくても君がいる
80%
2021 cosMo@暴走P 初音ミク 初音天地開闢神話
80%
2022 cosMo@暴走P 初音ミク 初音天地開闢神話
80%
2022 nyanyannya(大天才P) KAITO ドクター=ファンクビート
80%
2022 Omoi 初音ミク グリーンライツ・セレナーデ
80%
2022 sasakure.UKDECO*27 初音ミク 39
80%
2022 wowaka 初音ミク アンノウン・マザーグース
80%
2022 ピノキオピー 初音ミク 愛されなくても君がいる
80%
2023 wowaka 初音ミク ローリンガール
80%
2023 cosMo@暴走P 初音ミク 初音ミクの消失
80%
2023 Twinfield MEIKO レッドランドマーカー
80%
2023 ナナホシ管弦楽団 巡音ルカ 抜錨
80%
2023 otetsu 巡音ルカ 星屑ユートピア
80%
2023 Halyosy KAITO スノーマン
80%
2023 Halyosy KAITO あったかいと
80%
2023 cosMo@暴走P 初音ミク 初音天地開闢神話
80%
2023 ピノキオピー 初音ミク 愛されなくても君がいる
80%
2023 Omoi 初音ミク グリーンライツ・セレナーデ
80%
2023 DECO*27 初音ミク ブループラネット
80%
2024 日向電工 初音ミク ブリキノダンス
80%
2024 jon-YAKITORY 初音ミク 混沌ブギ
80%
2024 wowaka 初音ミク アンハッピーリフレイン
80%
2024 ピノキオピー 初音ミク すろぉもぉしょん
80%
2024 小林オキニス 初音ミク サイハテ
80%
2024 カンザキイオリ 初音ミク 命に嫌われている。
80%
2024 Omoi 初音ミク グリーンライツ・セレナーデ
80%
2025 cosMo@暴走P 初音ミク 初音天地開闢神話
80%
2025 ナナホシ管弦楽団 巡音ルカ 抜錨
80%
2025 otetsu 巡音ルカ 星屑ユートピア
80%
2025 koyori(電ポルP) 初音ミク 独りんぼエンヴィー
80%
2025 ナユタン星人 初音ミク 太陽系デスコ
80%
2025 nyanyannya(大天才P) KAITO ドクター=ファンクビート
80%
2025 大漠波新 MEIKO げんてん
80%
2025 DECO*27 初音ミク ブループラネット
80%
2025 *Luna 初音ミク ラストラス
80%
2013 ぼーかりおどP(noa) 初音ミク 1/6 -out of the gravity-
80%
2018 ぼーかりおどP(nano) 初音ミク 1/6 -out of the gravity-
80%
2025 ぼーかりおどP(noa) 初音ミク 1/6-out of the gravity-
80%
2016 みきとP 初音ミク 39みゅーじっく!
80%
2017 みきとP 初音ミク 39みゅーじっく!
80%
2018 みきとP 初音ミク 39みゅーじっく!
80%
2020 みきとP 初音ミク 39みゅーじっく!
80%
2022 みきとP 初音ミク 39みゅーじっく!
80%
2023 みきとP 初音ミク 39みゅーじっく!
80%
2024 柊マグネタイト 初音ミク アンテナ39
80%
2025 椎名もた 鏡音リン 少女A
80%
2022 halyosy 初音ミク鏡音リン 鏡音レン 巡音ルカ MEIKO KAITO Blessing
80%
2025 halyosy 初音ミク鏡音リン 鏡音レン 巡音ルカ MEIKO KAITO Blessing
80%
2025 halyosy 鏡音レンKAITO Flyway
80%
2023 ayase 初音ミク HERO
80%
2024 ayase 初音ミク HERO
80%
2013 Honey Works 鏡音リン鏡音レン スキキライ
60%
2013 Neru 鏡音リン 東京テディベア
60%
2014 じん 初音ミク カゲロウデイズ
60%
2014 ピノキオピー 初音ミク ありふれたせかいせいふく
60%
2014 HoneyWorks 鏡音リン鏡音レン スキキライ
60%
2014 40mP 初音ミク からくりピエロ
60%
2014 ゆうゆP 初音ミク 深海少女
60%
2014 Neru 鏡音リン 東京テディベア
60%
2014 さつき が てんこもり 初音ミク ネクストネスト
60%
2015 Neru 鏡音リン ロストワンの号哭
60%
2015 じーざす(ワンダフル☆オポチュニティ!) 鏡音リン鏡音レン リモコン
60%
2015 ゆうゆP 初音ミク 深海少女
60%
2015 malo 初音ミク ハジメテノオト
60%
2016 DECO*27 初音ミク ゴーストルール
60%
2016 1640mP 初音ミク タイムマシン
60%
2016 emon 巡音ルカ どりーみんチュチュ
60%
2016 Junky 鏡音リン スイートマジック
60%
2016 じーざす(ワンダフル☆オポチュニティ!) 鏡音リン鏡音レン リモコン
60%
2017 とあ 初音ミク ツギハギスタッカート
60%
2017 Junky 鏡音リン スイートマジック
60%
2017 emon 巡音ルカ どりーみんチュチュ
60%
2017 Junky 鏡音リン メランコリック
60%
2017 じーざす(ワンダフル☆オポチュニティ!) 鏡音リン鏡音レン リモコン
60%
2017 アゴアニキ 巡音ルカ ダブルラリアット
60%
2017 八王子P 初音ミク 気まぐれメルシィ
60%
2017 ryo(supercell) 初音ミク メルト
60%
2017 malo 初音ミク ハジメテノオト
60%
2018 Dixie Flatline 鏡音リン鏡音レン ジェミニ
60%
2018 じーざす(ワンダフル☆オポチュニティ!) 鏡音リン鏡音レン リモコン
60%
2018 ナユタン星人 初音ミク リバースユニバース
60%
2018 ryo(supercell) 初音ミク メルト
60%
2019 Omoi 初音ミク テオ
60%
2019 Orangestar 初音ミク 快晴
60%
2019 *Luna 鏡音レン メインキャラクター
60%
2012\9 40mp 初音ミク からくりピエロ
60%
2019 emon 巡音ルカ どりーみんチュチュ
60%
2019 Mitxhie M 初音ミクKAITO 大江戸ジュリアナイト
60%
2019 DECO*27 初音ミク ヒバナ
60%
2019 wowaka 初音ミク 裏表ラバーズ
60%
2019 和田たけあき(くらげP) 初音ミク ブレス・ユア・ブレス
60%
2020 和田たけあき 初音ミク ブレス・ユア・ブレス
60%
2021 アゴアニキ 巡音ルカ ダブルラリアット
60%
2021 Ren:G KAITO レイニースノードロップ
60%
2021 じーざす(ワンダフル☆オポチュニティ!) 鏡音リン鏡音レン リモコン
60%
2022 さつき が てんこもり 初音ミク ネクストネスト
60%
2022 和田たけあき(くらげP) 初音ミク ブレス・ユア・ブレス
60%
2022 emon 巡音ルカ どりーみんチュチュ
60%
2022 Mitchie M 初音ミクKAITO 大江戸ジュリアナイト
60%
2022 ryo(supercell) 初音ミク メルト
60%
2022 malo 初音ミク ハジメテノオト
60%
2023 ピノキオピー 初音ミク 神っぽいな
60%
2023 DECO*27 初音ミク ゴーストルール
60%
2023 HoneyWorks 鏡音リン鏡音レン スキキライ
60%
2023 とあ 初音ミク ツギハギスタッカート
60%
2023 Re:nG KAITO レイニー・スノードロップ
60%
2023 さつき が てんこもり 初音ミク ネクストネスト
60%
2023 和田たけあき(くらげP) 初音ミク ブレス・ユア・ブレス
60%
2024 *Luna 鏡音レン 流星のパルス
60%
2024 赤乃わい 初音ミク 巡音ルカ 陽だまりのセツナ
60%
2024 Orangestar 初音ミク 快晴
60%
2024 Omoi 初音ミク テオ
60%
2024 和田たけあき 初音ミク ブレス・ユア・ブレス
60%
2025 かめりあ 初音ミク ヒアソビ
60%
2025 すりぃ 鏡音レン ラヴィ
60%
2025 Dixie Flatline 鏡音リン鏡音レン ジェミニ
60%
2025 ぐちり KAITO ヴァニッシュ
60%
2025 じょん 初音ミク メテオ
60%
2025 加賀(ネギシャワーP) 初音ミク鏡音リン 鏡音レン 巡音ルカ MEIKO KAITO ストリートライト
60%
2025 柊マグネタイト 初音ミク アンテナ39
60%
2016 ジミサームP 初音ミク Calc.
60%
2024 ジミーサムP 初音ミク Calc.
60%
2017 halyosy 鏡音レン Fire◎Flower
60%
2013 40mp 初音ミク からくりピエロ
60%
2013 ピノキオピー 初音ミク ありふれたせかいせいふく
60%
2013 ゆうゆP 初音ミク 深海少女
60%
2013 Mitchie M 初音ミク FREELY TOMORROW
60%
2014 Mitchie M 初音ミク FREELY TOMORROW
60%
2013 keeno 初音ミク glow
60%
2014 keeno 初音ミク glow
60%
2015 keeno 初音ミク glow
60%
2015 Dixie Flatline 巡音ルカ Just Be Friends
60%
2019 Dixie Flatline 巡音ルカ Just Be Friends
60%
2013 ゆよゆっぺ 巡音ルカ Leia
60%
2013 ryo(supercell) 初音ミク ODDS&ENDS
60%
2014 ryo(supercell) 初音ミク ODDS&ENDS
60%
2015 ryo(supercell) 初音ミク ODDS&ENDS
60%
2018 ryo(supercell) 初音ミク ODDS&ENDS
60%
2022 ryo(supercell) 初音ミク ODDS&ENDS
60%
2018 OSTER project MEIKOKAITO on the rocks
60%
2021 OSTER project MEIKO KAITO on the rocks
60%
2022 OSTER project MEIKOKAITO on the rocks
60%
2016 BUMP OF CHICKEN 初音ミク ray
60%
2013 emon 初音ミク鏡音リン 鏡音レン shake it !
60%
2014 emon 初音ミク鏡音リン 鏡音レン shake it !
60%
2015 emon 初音ミク鏡音リン 鏡音レン shake it !
60%
2016 emon 初音ミク鏡音リン 鏡音レン shake it !
60%
2017 emon 初音ミク鏡音リン 鏡音レン shake it !
60%
2018 emon 初音ミク鏡音リン 鏡音レン shake it !
60%
2022 emon 初音ミク鏡音リン 鏡音レン shake it !
60%
2013 八王子p 初音ミク Sweet Devil
60%
2014 八王子P 初音ミク Sweet Devil
60%
2015 八王子P 初音ミク Sweet Devil
60%
2018 八王子P 初音ミク Sweet Devil
60%
2013 OSRER project MEIKO ピアノXフォルテXスキャンダル
60%
2014 OSTER project MEIKO ピアノXフォルテXスキャンダル
60%
2020 OSTER project MEIKO ピアノXフォルテXスキャンダル
60%
2013 PolyphonicBranch 初音ミク 二次元ドリームフィーバー
40%
2013 doriko 初音ミク キャットフード
40%
2014 PolyphonicBranch 初音ミク 二次元ドリームフィーバー
40%
2014 ハチ 初音ミク ワンダーランドと羊の歌
40%
2014 doriko 初音ミク キャットフード
40%
2015 ピノキオピー 初音ミク はじめまして地球人さん
40%
2015 40mP 初音ミク 恋愛裁判
40%
2015 PolyphonicBranch 初音ミク 二次元ドリームフィーバー
40%
2015 doriko 初音ミク キャットフード
40%
2015 ryo(supercell) 初音ミク ワールドイズマイン
40%
2016 Giga(Reol) 初音ミク ヒビカセ
40%
2016 すこっぷ 初音ミク どうぶつ占い
40%
2016 n-buna 初音ミク ウミユリ海底譚
40%
2016 KulfiQ 初音ミク鏡音リン なりすましゲンガー
40%
2017 Giga(Reol) 初音ミク ヒビカセ
40%
2017 ヤスオ 初音ミク えれくとりっく・えんじぇぅ
40%
2017 のりぴー 鏡音レン 右肩の蝶
40%
2017 トラボルタ 鏡音リン ココロ
40%
2017 みきとP 鏡音リン鏡音レン いーあるふぁんくらぶ
40%
2017 samfree 巡音ルカ ルカルカ★ナイトフィーバー
40%
2017 kulfiQ 初音ミク鏡音リン なりすましゲンガー
40%
2018 ryo(supercell) 初音ミク ワールドイズマイン
40%
2018 doriko 初音ミク キャットフード
40%
2018 はるまきごはん 初音ミク ドリームレス・ドリームス
40%
2018 みきとP 鏡音リン鏡音レン いーあるふぁんくらぶ
40%
2019 ピノキオピー 初音ミク すきなことだけでいいです
40%
2019 LamazeP 初音ミク 愛の詩
40%
2019 すこっぷ 初音ミク どうぶつ占い
40%
2019 ポリスピカデリー 初音ミク キレキャリオン
40%
2019 森羅 初音ミク ある計画は今も密かに
40%
2019 samfree 巡音ルカ ルカルカ★ナイトフィーバー
40%
2019 Heavenz 巡音ルカ それがあなたの幸せとしても
40%
2019 傘村トータ 初音ミク 僕が夢を捨てて大人になるまで
40%
2020 3106。 KAITO みかぼし
40%
2020 斜め上P MEIKO きみとぼくのレゾナンス
40%
2020 蝶々P 初音ミク え?あぁ、そう。
40%
2020 Junky 鏡音リン鏡音レン キミペディア
40%
2020 DECO*27 初音ミク セカイ
40%
2020 はるまきごはん 初音ミク ぽかぽかの星
40%
2021 MARETU 初音ミク 脳内革命ガール
40%
2021 すりぃ 鏡音レン テレキャスタービーボーイ
40%
2021 Giga(Reol) 初音ミク ヒビカセ
40%
2021 3106。 KAITO みかぼし
40%
2021 森羅 初音ミク ある計画は今も密かに
40%
2021 クワガタP 巡音ルカ インタビュア
40%
2021 ryo(supercell) 初音ミク ワールドイズマイン
40%
2022 DECO*27 初音ミク ヴァンパイア
40%
2022 Giga(Reol) 鏡音リン鏡音レン おこちゃま戦争
40%
2022 SLAVE.V-V-R MEIKO 私の恋はヘルファイア
40%
2022 カラスヤサボウ 鏡音リン 天才ロック
40%
2022 KulfiQ 初音ミク鏡音リン なりすましゲンガー
40%
2022 sasakure.UK 初音ミク フューチャー・イヴ
40%
2023 ツミキ 初音ミク カルチャ
40%
2023 斜め上P MEIKO きみとぼくのレゾナンス
40%
2023 PolyphonicBranch 初音ミク 二次元ドリームフィーバー
40%
2023 傘村トータ KAITO 敗走
40%
2023 栗山夕璃(蜂屋ななし) 初音ミクMEIKO フェレス
40%
2024 LamazeP 初音ミク 愛の詩
40%
2024 ピノキオピー 初音ミク すきなことだけでいいです
40%
2024 ssakure.UK 初音ミク フューチャー・イヴ
40%
2024 まらしぃ 鏡音リン 新人類
40%
2024 GigaTeddyLoid DECO*27 鏡音リン 鏡音レン
40%
2024 傘村トータ 初音ミク 僕が夢を捨てて大人になるまで
40%
2024 *Luna 初音ミク ノヴァ
40%
2024 ryo(supercell) 初音ミク 初めての恋が終わるとき
40%
2025 うたたP 初音ミク こちら、幸福安心委員会です。
40%
2025 ピノキオピー 初音ミク はじめまして地球人さん
40%
2025 3106。 KAITO みかぼし
40%
2025 宮守文学 MEIKO 夜舞うシルエット
40%
2025 猫舘 こたつ 初音ミク鏡音リン 巡音ルカ MEIKO 黙ってロックをやれって言ってんの!
40%
2018 じーざす(ワンダフル☆オポチュニティ!) 鏡音リン鏡音レン 8HIT
40%
2023 じーざす(ワンダフル☆オポチュニティ!) 鏡音リン鏡音レン 8HIT
40%
2017 ryuryu 初音ミク Birthday
40%
2023 Mitchie M 鏡音リン鏡音レン 巡音ルカ MEIKO KAITO Birthday Song for ミク
40%
2024 沫尾 KAITO call!!
40%
2021 シグナルP 初音ミクKAITO サンドリヨン(cendrillon)
40%
2020 shu-tP MEIKO Change me
40%
2015 Mitchie M 初音ミク巡音ルカ 愛 Dee
40%
2016 Mitchie M 初音ミク巡音ルカ 愛 Dee
40%
2022 Mitchie M 初音ミク巡音ルカ 愛 Dee
40%
2013 クリスタルP 鏡音レンKAITO erase or zero
40%
2014 クリスタルP 鏡音レンKAITO erase or zero
40%
2021 クリスタルP 鏡音レン KAITO erase or zero
40%
2023 クリスタルP 鏡音レンKAITO erase or zero
40%
2013 すこっぷ 初音ミク どうぶつ占い
40%
2020 八王子PGiga 初音ミク鏡音リン Gimme×Gimme
40%
2013 KEI 巡音ルカ Hello ,Worker
40%
2014 KEI 巡音ルカ Hello ,Worker
40%
2016 KEI 巡音ルカ Hello ,Worker
40%
2023 KEI 巡音ルカ Hello ,Worrker
40%
2019 EasyPop(BETTI) 初音ミク巡音ルカ Jump for Joy
40%
2022 EasyPop(BETTI) 初音ミク巡音ルカ Jump for Joy
40%
2025 幽霊一文字 巡音ルカ MAGA MAGA
40%
2018 みなと(流星P) 初音ミク巡音ルカ magnet
40%
2018 ジミーサムP 巡音ルカ No Logic
40%
2015 yuukiss MEIKO Nostalogic
40%
2018 yuukiss MEIKO Nostalogic
40%
2020 yuukiss MEIKO Nostalogic
40%
2016 yuukiss MEIKO Nostalogic(MEIKO-SAN remix)
40%
2022 まらしぃ 初音ミク SnowMix♪
40%
2025 ジミーサムP 初音ミク Starduster
40%
2025 骨盤P 初音ミク StargazeR
40%
2013 kz(livetune)八王子P 初音ミク Weekender girl
40%
2014 kz(livetune)八王子P 初音ミク Weekender girl
40%
2023 kz(livetune)八王子P 初音ミク Weekender girl
40%
2023 じーざす(ワンダフル☆オポチュニティ!) 鏡音リン鏡音レン いいねって YEAH!
40%
2020 23.exe 初音ミク YY
40%
2013 DECO*27 初音ミク ゆめゆめ
20%
2014 みきとP 初音ミク 心臓デモクラシー
20%
2014 Last Note. 初音ミク巡音ルカ アカツキアライヴァル
20%
2014 DECO*27 初音ミク ゆめゆめ
20%
2015 HoneyWorks 初音ミク ラズベリー*モンスター
20%
2015 れるりり 鏡音レン 聖槍爆裂ボーイ
20%
2015 トーマ 初音ミク エンヴィキャットウォーク
20%
2016 HoneyWorks 鏡音レン テレカクシ思春期
20%
2016 HoneyWorks 初音ミク ラズベリー*モンスター
20%
2017 MOSAIC.WAV×鶴田加茂 初音ミク みんなみくみくにしてあげる♪
20%
2017 DECO*27 初音ミク ストリーミングハート
20%
2017 0-9 MEIKO 忘却心中
20%
2017 光収容 鏡音リン 孤独の果て
20%
2018 Last Note. 初音ミク巡音ルカ アカツキアライヴァル
20%
2018 DECO*27 初音ミク 愛言葉
20%
2019 アオトケイ MEIKO ラムネイドブルーの憧憬
20%
2019 Mitchie M 初音ミク ぶれないアイで
20%
2020 鬱P 初音ミク ハイパーリアリティショウ
20%
2020 蜂屋ななし 初音ミク シャボン
20%
2020 ごーぶす 初音ミク まるいうなばら
20%
2020 アオトケイ MEIKO ラムネイドブルーの憧憬
20%
2020 OPA MEIKO 忘却心中
20%
2020 やみくろ 巡音ルカ 完全性コンプレックス
20%
2020 ぶりるP 初音ミク 秘密警察
20%
2020 buzzG 初音ミク アルビノ
20%
2021 かいりきベア 初音ミク ダーリンダンス
20%
2021 キノシタ 鏡音リン テルミーアンサー
20%
2021 OSTER project 初音ミク 恋色病棟
20%
2021 MINO-U MEIKO 星空クロノグラフ
20%
2021 yanagiP KAITO 千年の独奏歌
20%
2021 ごーぷす 初音ミク まるいうなばら
20%
2021 DECO*27 初音ミク 二足歩行
20%
2022 まふまふ 鏡音リン鏡音レン すーぱーぬこになれんかった
20%
2022 カンザキイオリ 鏡音レン #心がどっか寂しいんだ
20%
2022 MOSAIC.WAV鶴田加茂 初音ミク みんなみくみくにしてあげる♪
20%
2022 doriko 初音ミク 歌に形はないけれど
20%
2022 平沢栄司 初音ミク 星のカケラ
20%
2023 Noz. 鏡音リン ヘッジホッグ
20%
2023 アオトケイ MEIKO ラムネイドブルーの憧憬
20%
2023 MINO-U MEIKO 星空クロノグラフ
20%
2024 DECO*27 初音ミク ボルテッカー
20%
2025 MINO-U MEIKO 星空クロノグラフ
20%
2020 ひとしずくやま△ 鏡音リン鏡音レン MEIKO Amazing Dolce
20%
2022 ひとしずくやま△ 鏡音リン鏡音レン MEIKO Amazing Dolce
20%
2019 八王子P 初音ミク Baby Maniacs
20%
2016 八王子P 初音ミク Baby Maniacs -eight mix-
20%
2019 kz(livetune) 初音ミク Catch the Wave
20%
2017 kz(livetune) 初音ミク DECORATOR
20%
2022 kz(livetune) 初音ミク DECORATOR
20%
2023 Giga(Reol) 鏡音リン巡音ルカ drop pop candy
20%
2014 Harry(はりーP) 初音ミク EARTH DAY
20%
2021 blues 初音ミク First Note
20%
2022 香椎モイミ KAITO FLASH
20%
2023 daraku 鏡音レン GEDO
20%
2023 宮守文学 初音ミク king 妃 jack 躍
20%
2013 kz(livetune) 初音ミク Last Night, Good Night
20%
2014 kz(livetune) 初音ミク Last Night, Good Night
20%
2025 kz(livetune) 初音ミク Last Night, Good Night
20%
2024 doriko 初音ミク letter song
20%
2022 せきこみごはん 初音ミク Loading Memories
20%
2024 ashcolor 巡音ルカ lost and found
20%
2019 ゆよゆっぺ 巡音ルカ Never Die
20%
2023 ゆよゆっぺ 巡音ルカ Never Die
20%
2015 kz(livetune) 初音ミク Packaged
20%
2021 新城P KAITO Pane dhiria
20%
2021 whoo 初音ミク Parades
20%
2024 マイナスP(ワンダフル☆オポチュニティ!) MEIKO KAITO REALITY
20%
2016 kz(livetune) 初音ミク satisfaction
20%
2019 kz(livetune) 初音ミク Satisfaction
20%
2024 kz(livetune) 初音ミク Satisfaction
20%
2017 keisei 初音ミク Singularity
20%
2021 kaisei 初音ミク Singulartity
20%
2022 書店太郎 巡音ルカ Someday'z Coming
20%
2016 heavenz 初音ミク Strangers
20%
2024 めろくる 鏡音レン SUPERHERO
20%
2017 針原翼 初音ミク TODAY THE FUTURE
20%
2018 針原翼 初音ミク TODAY THE FUTURE
20%
2024 Sohbana MEIKO TYQOON
20%
2019 田中B 鏡音リン 深海シティアンダークラウンド
0%
2025 Junky 鏡音リン鏡音レン キミぺディア
0%
No matching quizzes found
Score Distribution
Percent of People with Each Score
Percentile by Number Answered
Your Score History
You have not taken this quiz since the last reset